[Event "Is Bankasi Online Satranc Turn.13-14 Yas"]
[Site "T#645826Mustafa Kemal"]
[Date "2020.05.08"]
[Round "3"]
[White "Erdoganacar00"]
[Black "Refikefegani36"]
[Result "0-1"]
[WhiteElo "1620"]
[BlackElo "1620"]
[Annotator "NA RC"]
[PlyCount "42"]
[EventDate "2020.05.08"]
[EventType "swiss (blitz)"]

1. e4 {[%emt 0:00:04]} c5 {[%emt 0:00:02]} 2. Nf3 {[%emt 0:00:01]} Nc6 {[%emt 0:00:02]} 3. d4 {[%emt 0:00:02]} cxd4 {[%emt 0:00:00]} 4. Nxd4 {[%emt 0:00:00]} Nf6 {[%emt 0:00:05]} 5. Nc3 {[%emt 0:00:02]} e5 {[%emt 0:00:01]} 6. Ndb5 {[%emt 0:00:03]} d6 {[%emt 0:00:02]} 7. Nd5 {[%emt 0:00:01]} Nxd5 {[%emt 0:00:02]} 8. exd5 {[%emt 0:00:00]} Nb8 {[%emt 0:00:01]} 9. c4 {[%emt 0:00:01]} Be7 {[%emt 0:00:02]} 10. Bd3 {[%emt 0:00:05]} O-O {[%emt 0:00:02]} 11. Be3 {[%emt 0:00:10]} a6 {[%emt 0:00:02]} 12. Nc3 {[%emt 0:00:04]} f5 {[%emt 0:00:02]} 13. f3 {[%emt 0:00:03]} e4 {[%emt 0:00:40]} 14. fxe4 {[%emt 0:00:10]} f4 {[%emt 0:00:02]} 15. Bf2 {[%emt 0:00:07]} Nd7 {[%emt 0:00:05]} 16. Bc5 {[%emt 0:00:07]} Nxc5 {[%emt 0:00:04]} 17. Bc2 {[%emt 0:00:02]} Bh4+ {[%emt 0:00:05]} 18. Kd2 {[%emt 0:00:08]} f3 {[%emt 0:00:03]} 19. gxf3 {[%emt 0:00:05]} Qg5+ {[%emt 0:00:15]} 20. Ke2 {[%emt 0:00:08]} Qg2+ {[%emt 0:00:06]} 21. Ke3 {[%emt 0:00:02]} Qf2# {[%emt 0:00:05] (Lag: Av=0.49s, max=0.7s)} 0-1

[Event "Is Bankasi Online Satranc Turn.13-14 Yas"]
[Site "T#645826Mustafa Kemal"]
[Date "2020.05.08"]
[Round "3"]
[White "Ertugrulsavcil46"]
[Black "Berkaysemitay32"]
[Result "1/2-1/2"]
[WhiteElo "1620"]
[BlackElo "1408"]
[Annotator "NA RC"]
[PlyCount "98"]
[EventDate "2020.05.08"]
[EventType "swiss (blitz)"]

1. e4 {[%emt 0:00:08]} e5 {[%emt 0:00:01]} 2. Nf3 {[%emt 0:00:07]} Nc6 {[%emt 0:00:01]} 3. Bc4 {[%emt 0:00:06]} Bc5 {[%emt 0:00:05]} 4. Nc3 {[%emt 0:00:04]} Nf6 {[%emt 0:00:05]} 5. d3 {[%emt 0:00:05]} h6 {[%emt 0:00:04]} 6. O-O {[%emt 0:00:07]} O-O {[%emt 0:00:01]} 7. h3 {[%emt 0:00:04]} d6 {[%emt 0:00:01]} 8. Be3 {[%emt 0:00:04]} Bb6 {[%emt 0:00:03]} 9. a3 {[%emt 0:00:05]} Be6 {[%emt 0:00:02]} 10. Nd5 {[%emt 0:00:03]} Bxd5 {[%emt 0:00:15]} 11. Bxd5 {[%emt 0:00:11]} Nxd5 {[%emt 0:00:03]} 12. exd5 {[%emt 0:00:03]} Ne7 {[%emt 0:00:00]} 13. c4 {[%emt 0:00:06]} c6 {[%emt 0:00:04]} 14. Qe2 {[%emt 0:00:07]} cxd5 {[%emt 0:00:03]} 15. cxd5 {[%emt 0:00:04]} Nxd5 {[%emt 0:00:03]} 16. Bd2 {[%emt 0:00:03]} Re8 {[%emt 0:00:05]} 17. Qe4 {[%emt 0:00:02]} Nf6 {[%emt 0:00:18]} 18. Qxb7 {[%emt 0:00:03]} Rb8 {[%emt 0:00:00]} 19. Qc6 {[%emt 0:00:05]} Rc8 {[%emt 0:00:08]} 20. Qa4 {[%emt 0:00:04]} d5 {[%emt 0:00:06]} 21. Qd1 {[%emt 0:00:02]} e4 {[%emt 0:00:02]} 22. dxe4 {[%emt 0:00:02]} dxe4 {[%emt 0:00:00]} 23. Re1 {[%emt 0:00:03]} exf3 {[%emt 0:00:02]} 24. Rxe8+ {[%emt 0:00:03]} Qxe8 {[%emt 0:00:01]} 25. Qc1 {[%emt 0:00:03]} fxg2 {[%emt 0:00:02]} 26. Qd1 {[%emt 0:00:16]} Ne4 {[%emt 0:00:10]} 27. Kxg2 {[%emt 0:00:04]} Nxf2 {[%emt 0:00:03]} 28. Qb3 {[%emt 0:00:25]} Qe4+ {[%emt 0:00:06]} 29. Qf3 {[%emt 0:00:08]} Qxf3+ {[%emt 0:00:14]} 30. Kxf3 {[%emt 0:00:03]} Nd3 {[%emt 0:00:14]} 31. h4 {[%emt 0:00:04]} Nxb2 {[%emt 0:00:08]} 32. h5 {[%emt 0:00:02]} Nc4 {[%emt 0:00:02]} 33. Rd1 {[%emt 0:00:04]} Rd8 {[%emt 0:00:13]} 34. Ke2 {[%emt 0:00:06]} Nxa3 {[%emt 0:00:12]} 35. Rc1 {[%emt 0:00:38]} Nb5 {[%emt 0:00:17]} 36. Bb4 {[%emt 0:00:13]} Nd4+ {[%emt 0:00:07]} 37. Ke3 {[%emt 0:00:05]} Nb3+ {[%emt 0:00:04]} 38. Bc5 {[%emt 0:00:08]} Bxc5+ {[%emt 0:00:10]} 39. Rxc5 {[%emt 0:00:04]} Nxc5 {[%emt 0:00:01]} 40. Kf4 {[%emt 0:00:02]} a5 {[%emt 0:00:00]} 41. Kf5 {[%emt 0:00:01]} a4 {[%emt 0:00:01]} 42. Kg4 {[%emt 0:00:01]} a3 {[%emt 0:00:00]} 43. Kh4 {[%emt 0:00:01]} a2 {[%emt 0:00:00]} 44. Kg4 {[%emt 0:00:02]} a1=Q {[%emt 0:00:00]} 45. Kh4 {[%emt 0:00:01]} Qf6+ {[%emt 0:00:02]} 46. Kg4 {[%emt 0:00:01]} Rd4+ {[%emt 0:00:01]} 47. Kg3 {[%emt 0:00:01]} Qe5+ {[%emt 0:00:05]} 48. Kg2 {[%emt 0:00:01]} Qe3 {[%emt 0:00:02]} 49. Kf1 {[%emt 0:00:04]} Rd2 {[%emt 0:00:01] (Lag: Av=0.61s, max=1.7s)} 1/2-1/2

[Event "Is Bankasi Online Satranc Turn.13-14 Yas"]
[Site "T#645826Mustafa Kemal"]
[Date "2020.05.08"]
[Round "3"]
[White "Faikyigityalci76"]
[Black "salihegeatakis36"]
[Result "1-0"]
[WhiteElo "1620"]
[BlackElo "1620"]
[Annotator "NA RC"]
[PlyCount "37"]
[EventDate "2020.05.08"]
[EventType "swiss (blitz)"]

1. e4 {[%emt 0:00:04]} e5 {[%emt 0:00:02]} 2. Nf3 {[%emt 0:00:02]} Nc6 {[%emt 0:00:01]} 3. Bb5 {[%emt 0:00:01]} d6 {[%emt 0:00:02]} 4. d4 {[%emt 0:00:04]} Bd7 {[%emt 0:00:08]} 5. dxe5 {[%emt 0:00:12]} dxe5 {[%emt 0:00:06]} 6. Nc3 {[%emt 0:00:06]} Nf6 {[%emt 0:00:09]} 7. Bg5 {[%emt 0:00:05]} Be7 {[%emt 0:00:04]} 8. O-O {[%emt 0:00:13]} O-O {[%emt 0:00:04]} 9. Qe2 {[%emt 0:00:09]} Bg4 {[%emt 0:00:28]} 10. Bxc6 {[%emt 0:00:17]} bxc6 {[%emt 0:00:03]} 11. h3 {[%emt 0:00:02]} Bxf3 {[%emt 0:00:05]} 12. Qxf3 {[%emt 0:00:03]} Qd6 {[%emt 0:00:16]} 13. Rad1 {[%emt 0:00:05]} Qb4 {[%emt 0:00:04]} 14. b3 {[%emt 0:00:13]} Rfe8 {[%emt 0:00:41]} 15. Rd3 {[%emt 0:00:07]} Qa3 {[%emt 0:00:11]} 16. Rfd1 {[%emt 0:00:06]} Qb2 {[%emt 0:00:14]} 17. R3d2 {[%emt 0:00:34]} Rad8 {[%emt 0:00:15]} 18. Qg3 {[%emt 0:00:20]} Bb4 {[%emt 0:00:29]} 19. Bxf6 {[%emt 0:00:11] Zaman ' (Lag: Av=1.81s, max=17.1s)} 1-0

[Event "Is Bankasi Online Satranc Turn.13-14 Yas"]
[Site "T#645826Mustafa Kemal"]
[Date "2020.05.08"]
[Round "3"]
[White "Hasancanari30"]
[Black "Dorukcagandemi20"]
[Result "0-1"]
[WhiteElo "1620"]
[BlackElo "1620"]
[Annotator "NA RC"]
[PlyCount "54"]
[EventDate "2020.05.08"]
[EventType "swiss (blitz)"]

1. d4 {[%emt 0:00:01]} Nf6 {[%emt 0:00:09]} 2. c4 {[%emt 0:00:03]} e6 {[%emt 0:00:10]} 3. Nf3 {[%emt 0:00:05]} d5 {[%emt 0:00:23]} 4. Bg5 {[%emt 0:00:03]} dxc4 {[%emt 0:00:04]} 5. Nc3 {[%emt 0:00:05]} a6 {[%emt 0:00:09]} 6. a4 {[%emt 0:00:03]} Nc6 {[%emt 0:00:06]} 7. e3 {[%emt 0:00:04]} Na5 {[%emt 0:00:05]} 8. Ne5 {[%emt 0:00:08]} Bb4 {[%emt 0:00:07]} 9. Bxc4 {[%emt 0:00:10]} Nxc4 {[%emt 0:00:06]} 10. Nxc4 {[%emt 0:00:02]} Qd5 {[%emt 0:00:08]} 11. Ne5 {[%emt 0:00:04]} Qxg2 {[%emt 0:00:09]} 12. Ke2 {[%emt 0:00:27]} Qxg5 {[%emt 0:00:06]} 13. Rg1 {[%emt 0:00:05]} Qh6 {[%emt 0:00:06]} 14. a5 {[%emt 0:00:02]} O-O {[%emt 0:00:15]} 15. Rg3 {[%emt 0:00:32]} Bxc3 {[%emt 0:00:06]} 16. bxc3 {[%emt 0:00:00]} Ne4 {[%emt 0:00:09]} 17. Kd3 {[%emt 0:00:32]} Nxf2+ {[%emt 0:00:07]} 18. Ke2 {[%emt 0:00:03]} Nxd1 {[%emt 0:00:05]} 19. Rxd1 {[%emt 0:00:00]} Qxh2+ {[%emt 0:00:06]} 20. Kf3 {[%emt 0:00:05]} Qh5+ {[%emt 0:00:11]} 21. Kf2 {[%emt 0:00:03]} Qxd1 {[%emt 0:00:04]} 22. Ng4 {[%emt 0:00:08]} Qc2+ {[%emt 0:00:05]} 23. Kf3 {[%emt 0:00:13]} f5 {[%emt 0:00:06]} 24. Nf2 {[%emt 0:00:19]} Bd7 {[%emt 0:00:13]} 25. Kf4 {[%emt 0:00:03]} Qxf2+ {[%emt 0:00:06]} 26. Rf3 {[%emt 0:00:02]} Qh4+ {[%emt 0:00:07]} 27. Ke5 {[%emt 0:00:02]} Qe4# {[%emt 0:00:04] (Lag: Av=0.69s, max=1.4s)} 0-1

[Event "Is Bankasi Online Satranc Turn.13-14 Yas"]
[Site "T#645826Mustafa Kemal"]
[Date "2020.05.08"]
[Round "3"]
[White "Hasangunesanac52"]
[Black "Emrealtin54"]
[Result "1-0"]
[WhiteElo "1620"]
[BlackElo "1653"]
[Annotator "NA RC"]
[PlyCount "105"]
[EventDate "2020.05.08"]
[EventType "swiss (blitz)"]

1. e4 {[%emt 0:00:04]} e5 {[%emt 0:00:01]} 2. Nf3 {[%emt 0:00:02]} Nc6 {[%emt 0:00:01]} 3. Bc4 {[%emt 0:00:02]} Bc5 {[%emt 0:00:01]} 4. c3 {[%emt 0:00:01]} Nf6 {[%emt 0:00:01]} 5. d3 {[%emt 0:00:01]} d6 {[%emt 0:00:06]} 6. a4 {[%emt 0:00:02]} a5 {[%emt 0:00:02]} 7. Nbd2 {[%emt 0:00:05]} O-O {[%emt 0:00:02]} 8. h3 {[%emt 0:00:08]} Be6 {[%emt 0:00:02]} 9. O-O {[%emt 0:00:03]} Bxc4 {[%emt 0:00:02]} 10. Nxc4 {[%emt 0:00:00]} Nd7 {[%emt 0:00:09]} 11. Qc2 {[%emt 0:00:04]} Nb6 {[%emt 0:00:21]} 12. Ne3 {[%emt 0:00:02]} Ne7 {[%emt 0:00:12]} 13. b3 {[%emt 0:00:30]} Bxe3 {[%emt 0:00:11]} 14. fxe3 {[%emt 0:00:27]} f5 {[%emt 0:00:03]} 15. d4 {[%emt 0:00:07]} fxe4 {[%emt 0:00:07]} 16. Qxe4 {[%emt 0:00:00]} exd4 {[%emt 0:00:01]} 17. exd4 {[%emt 0:00:04]} Qd7 {[%emt 0:00:08]} 18. Qxb7 {[%emt 0:00:19]} Nc6 {[%emt 0:00:22]} 19. d5 {[%emt 0:00:18]} Nd8 {[%emt 0:00:27]} 20. Qxa8 {[%emt 0:00:12]} Nxa8 {[%emt 0:00:00]} 21. Ba3 {[%emt 0:00:04]} Nb6 {[%emt 0:00:06]} 22. c4 {[%emt 0:00:02]} Nf7 {[%emt 0:00:04]} 23. Nd4 {[%emt 0:00:02]} Ne5 {[%emt 0:00:07]} 24. Ne6 {[%emt 0:00:05]} Rf7 {[%emt 0:00:06]} 25. Rxf7 {[%emt 0:00:04]} Nxf7 {[%emt 0:00:07]} 26. Rf1 {[%emt 0:00:05]} h6 {[%emt 0:00:05]} 27. Bb2 {[%emt 0:00:07]} Ne5 {[%emt 0:00:06]} 28. Rf8+ {[%emt 0:00:12]} Kh7 {[%emt 0:00:02]} 29. Rf1 {[%emt 0:00:28]} Nd3 {[%emt 0:00:32]} 30. Nf8+ {[%emt 0:00:02]} Kg8 {[%emt 0:00:06]} 31. Nxd7 {[%emt 0:00:00]} Nxb2 {[%emt 0:00:02]} 32. Nxb6 {[%emt 0:00:02]} cxb6 {[%emt 0:00:02]} 33. Rf3 {[%emt 0:00:05]} g5 {[%emt 0:00:08]} 34. Kf1 {[%emt 0:00:05]} Kg7 {[%emt 0:00:02]} 35. Ke1 {[%emt 0:00:04]} h5 {[%emt 0:00:02]} 36. g4 {[%emt 0:00:01]} hxg4 {[%emt 0:00:03]} 37. hxg4 {[%emt 0:00:00]} Kg6 {[%emt 0:00:03]} 38. Kd2 {[%emt 0:00:03]} Kg7 {[%emt 0:00:03]} 39. Kc2 {[%emt 0:00:01]} Nxa4 {[%emt 0:00:03]} 40. bxa4 {[%emt 0:00:02]} Kg6 {[%emt 0:00:01]} 41. Rb3 {[%emt 0:00:02]} Kf6 {[%emt 0:00:02]} 42. Rxb6 {[%emt 0:00:02]} Ke5 {[%emt 0:00:01]} 43. Kd3 {[%emt 0:00:05]} Kf4 {[%emt 0:00:01]} 44. Rxd6 {[%emt 0:00:01]} Kxg4 {[%emt 0:00:01]} 45. Rf6 {[%emt 0:00:01]} Kh4 {[%emt 0:00:04]} 46. d6 {[%emt 0:00:01]} g4 {[%emt 0:00:01]} 47. d7 {[%emt 0:00:01]} g3 {[%emt 0:00:01]} 48. Rg6 {[%emt 0:00:01]} g2 {[%emt 0:00:02]} 49. d8=Q+ {[%emt 0:00:01]} Kh5 {[%emt 0:00:02]} 50. Rxg2 {[%emt 0:00:02]} Kh6 {[%emt 0:00:02]} 51. Qf6+ {[%emt 0:00:01]} Kh7 {[%emt 0:00:01]} 52. Rh2+ {[%emt 0:00:01]} Kg8 {[%emt 0:00:01]} 53. Rh8# {[%emt 0:00:01] (Lag: Av=0.78s, max=1.9s)} 1-0

[Event "Is Bankasi Online Satranc Turn.13-14 Yas"]
[Site "T#645826Mustafa Kemal"]
[Date "2020.05.08"]
[Round "3"]
[White "Kaanacar92"]
[Black "Oguzhansenturk38"]
[Result "1-0"]
[WhiteElo "1620"]
[BlackElo "971"]
[Annotator "NA RC"]
[PlyCount "49"]
[EventDate "2020.05.08"]
[EventType "swiss (blitz)"]

1. e4 {[%emt 0:00:05]} e5 {[%emt 0:00:01]} 2. Bc4 {[%emt 0:00:03]} Nc6 {[%emt 0:00:09]} 3. d3 {[%emt 0:00:01]} Nf6 {[%emt 0:00:04]} 4. Nc3 {[%emt 0:00:02]} Bc5 {[%emt 0:00:04]} 5. f4 {[%emt 0:00:02]} O-O {[%emt 0:00:05]} 6. Nf3 {[%emt 0:00:02]} d6 {[%emt 0:00:03]} 7. Na4 {[%emt 0:00:03]} a6 {[%emt 0:00:02]} 8. Nxc5 {[%emt 0:00:01]} dxc5 {[%emt 0:00:02]} 9. fxe5 {[%emt 0:00:06]} Nxe5 {[%emt 0:00:02]} 10. Nxe5 {[%emt 0:00:03]} b5 {[%emt 0:00:19]} 11. Bb3 {[%emt 0:00:13]} Qe7 {[%emt 0:00:09]} 12. Bf4 {[%emt 0:00:34]} Re8 {[%emt 0:00:18]} 13. Bxf7+ {[%emt 0:00:18]} Kh8 {[%emt 0:00:11]} 14. Bxe8 {[%emt 0:00:03]} Qxe8 {[%emt 0:00:01]} 15. O-O {[%emt 0:00:02]} Qh5 {[%emt 0:00:11]} 16. Qxh5 {[%emt 0:00:04]} Nxh5 {[%emt 0:00:01]} 17. Bg5 {[%emt 0:00:01]} Bg4 {[%emt 0:00:11]} 18. Nxg4 {[%emt 0:00:04]} b4 {[%emt 0:00:04]} 19. Ne5 {[%emt 0:00:05]} Re8 {[%emt 0:00:04]} 20. Bd8 {[%emt 0:00:14]} Rxd8 {[%emt 0:00:04]} 21. Nf7+ {[%emt 0:00:02]} Kg8 {[%emt 0:00:05]} 22. Nxd8 {[%emt 0:00:00]} Nf6 {[%emt 0:00:06]} 23. e5 {[%emt 0:00:02]} Nd5 {[%emt 0:00:03]} 24. Ne6 {[%emt 0:00:02]} Ne3 {[%emt 0:00:03]} 25. Rf8# {[%emt 0:00:02] (Lag: Av=0.57s, max=2.8s)} 1-0

[Event "Is Bankasi Online Satranc Turn.13-14 Yas"]
[Site "T#645826Mustafa Kemal"]
[Date "2020.05.08"]
[Round "3"]
[White "Kadirefeermemi10"]
[Black "Muratyigitsibl92"]
[Result "0-1"]
[WhiteElo "1620"]
[BlackElo "1620"]
[Annotator "NA RC"]
[PlyCount "70"]
[EventDate "2020.05.08"]
[EventType "swiss (blitz)"]

1. e4 {[%emt 0:00:02]} c5 {[%emt 0:00:02]} 2. Nf3 {[%emt 0:00:01]} d6 {[%emt 0:00:01]} 3. d4 {[%emt 0:00:01]} cxd4 {[%emt 0:00:00]} 4. Nxd4 {[%emt 0:00:01]} Nf6 {[%emt 0:00:01]} 5. Nc3 {[%emt 0:00:01]} a6 {[%emt 0:00:01]} 6. Be3 {[%emt 0:00:01]} e5 {[%emt 0:00:02]} 7. Nb3 {[%emt 0:00:02]} Be7 {[%emt 0:00:01]} 8. f3 {[%emt 0:00:01]} Be6 {[%emt 0:00:02]} 9. Qd2 {[%emt 0:00:02]} Nbd7 {[%emt 0:00:02]} 10. Be2 {[%emt 0:00:01]} O-O {[%emt 0:00:03]} 11. O-O {[%emt 0:00:02]} Rc8 {[%emt 0:00:02]} 12. Rad1 {[%emt 0:00:03]} b5 {[%emt 0:00:02]} 13. a3 {[%emt 0:00:02]} Qc7 {[%emt 0:00:05]} 14. Kh1 {[%emt 0:00:04]} Rfd8 {[%emt 0:00:02]} 15. Rfe1 {[%emt 0:00:10]} Nb6 {[%emt 0:00:03]} 16. h3 {[%emt 0:00:14]} Nh5 {[%emt 0:00:13]} 17. Kh2 {[%emt 0:00:13]} Bh4 {[%emt 0:00:04]} 18. Rg1 {[%emt 0:00:15]} Bg3+ {[%emt 0:00:05]} 19. Kh1 {[%emt 0:00:02]} Bf4 {[%emt 0:00:01]} 20. Bxf4 {[%emt 0:00:03]} Nxf4 {[%emt 0:00:00]} 21. Bd3 {[%emt 0:00:02]} Nc4 {[%emt 0:00:08]} 22. Bxc4 {[%emt 0:00:05]} bxc4 {[%emt 0:00:00]} 23. Na1 {[%emt 0:00:09]} Rb8 {[%emt 0:00:06]} 24. Rb1 {[%emt 0:00:02]} d5 {[%emt 0:00:10]} 25. exd5 {[%emt 0:00:06]} Bxd5 {[%emt 0:00:06]} 26. Nxd5 {[%emt 0:00:03]} Rxd5 {[%emt 0:00:00]} 27. Qe3 {[%emt 0:00:06]} Rb6 {[%emt 0:00:13]} 28. Rge1 {[%emt 0:00:03]} Rh6 {[%emt 0:00:07]} 29. Rbc1 {[%emt 0:00:14]} Qd7 {[%emt 0:00:16]} 30. Kg1 {[%emt 0:00:14]} Nxg2 {[%emt 0:00:12]} 31. Kxg2 {[%emt 0:00:32]} Qxh3+ {[%emt 0:00:03]} 32. Kf2 {[%emt 0:00:02]} Qh2+ {[%emt 0:00:04]} 33. Kf1 {[%emt 0:00:02]} Qh1+ {[%emt 0:00:13]} 34. Kf2 {[%emt 0:00:15]} Rh2+ {[%emt 0:00:02]} 35. Kg3 {[%emt 0:00:11]} Qg2# {[%emt 0:00:00] (Lag: Av=0.89s, max=1.1s)} 0-1

[Event "Is Bankasi Online Satranc Turn.13-14 Yas"]
[Site "T#645826Mustafa Kemal"]
[Date "2020.05.08"]
[Round "3"]
[White "Keremyavuz52"]
[Black "Alpereneryilma90"]
[Result "1-0"]
[WhiteElo "1620"]
[BlackElo "1524"]
[Annotator "NA RC"]
[PlyCount "81"]
[EventDate "2020.05.08"]
[EventType "swiss (blitz)"]

1. e4 {[%emt 0:00:03]} c6 {[%emt 0:00:01]} 2. d4 {[%emt 0:00:01]} d5 {[%emt 0:00:02]} 3. e5 {[%emt 0:00:01]} Bf5 {[%emt 0:00:03]} 4. Nf3 {[%emt 0:00:01]} e6 {[%emt 0:00:02]} 5. Be2 {[%emt 0:00:01]} c5 {[%emt 0:00:02]} 6. c3 {[%emt 0:00:02]} Nc6 {[%emt 0:00:01]} 7. O-O {[%emt 0:00:01]} Be7 {[%emt 0:00:04]} 8. Nbd2 {[%emt 0:00:04]} Nh6 {[%emt 0:00:08]} 9. dxc5 {[%emt 0:00:03]} Bxc5 {[%emt 0:00:02]} 10. Nb3 {[%emt 0:00:02]} Bb6 {[%emt 0:00:07]} 11. Nbd4 {[%emt 0:00:03]} Nxd4 {[%emt 0:00:03]} 12. cxd4 {[%emt 0:00:03]} O-O {[%emt 0:00:04]} 13. Bxh6 {[%emt 0:00:04]} gxh6 {[%emt 0:00:01]} 14. Qd2 {[%emt 0:00:02]} Kg7 {[%emt 0:00:06]} 15. Bd3 {[%emt 0:00:06]} Bg6 {[%emt 0:00:03]} 16. Bxg6 {[%emt 0:00:02]} hxg6 {[%emt 0:00:09]} 17. Rac1 {[%emt 0:00:04]} Rc8 {[%emt 0:00:05]} 18. b3 {[%emt 0:00:03]} Rc6 {[%emt 0:00:03]} 19. Rxc6 {[%emt 0:00:02]} bxc6 {[%emt 0:00:04]} 20. Rc1 {[%emt 0:00:01]} Qd7 {[%emt 0:00:02]} 21. Qc3 {[%emt 0:00:06]} Rc8 {[%emt 0:00:03]} 22. b4 {[%emt 0:00:04]} Qc7 {[%emt 0:00:04]} 23. Ne1 {[%emt 0:00:16]} a5 {[%emt 0:00:02]} 24. Nd3 {[%emt 0:00:06]} a4 {[%emt 0:00:10]} 25. b5 {[%emt 0:00:04]} cxb5 {[%emt 0:00:03]} 26. Qxc7 {[%emt 0:00:04]} Rxc7 {[%emt 0:00:00]} 27. Rxc7 {[%emt 0:00:02]} Bxc7 {[%emt 0:00:00]} 28. Nc5 {[%emt 0:00:02]} Bb6 {[%emt 0:00:02]} 29. Kf1 {[%emt 0:00:01]} Ba5 {[%emt 0:00:02]} 30. Ke2 {[%emt 0:00:02]} b4 {[%emt 0:00:02]} 31. Nxa4 {[%emt 0:00:02]} Kf8 {[%emt 0:00:04]} 32. Kd3 {[%emt 0:00:01]} Ke8 {[%emt 0:00:02]} 33. Kc2 {[%emt 0:00:01]} Ke7 {[%emt 0:00:02]} 34. Kb3 {[%emt 0:00:02]} Kd7 {[%emt 0:00:03]} 35. Nb2 {[%emt 0:00:01]} Kc6 {[%emt 0:00:02]} 36. Nd3 {[%emt 0:00:03]} Bb6 {[%emt 0:00:15]} 37. Nxb4+ {[%emt 0:00:09]} Kb5 {[%emt 0:00:03]} 38. a4+ {[%emt 0:00:04]} Ka5 {[%emt 0:00:04]} 39. Nc6+ {[%emt 0:00:03]} Ka6 {[%emt 0:00:03]} 40. Kb4 {[%emt 0:00:03]} Bxd4 {[%emt 0:00:04]} 41. Nxd4 {[%emt 0:00:04] Alpereneryilma90 terk eder (Lag: Av=0.48s, max=1.1s)} 1-0

[Event "Is Bankasi Online Satranc Turn.13-14 Yas"]
[Site "T#645826Mustafa Kemal"]
[Date "2020.05.08"]
[Round "3"]
[White "Matveysmirnov08"]
[Black "Umutaydemir42"]
[Result "0-1"]
[WhiteElo "1620"]
[BlackElo "1765"]
[Annotator "NA RC"]
[PlyCount "114"]
[EventDate "2020.05.08"]
[EventType "swiss (blitz)"]

1. e4 {[%emt 0:00:02]} c5 {[%emt 0:00:06]} 2. Nf3 {[%emt 0:00:01]} e6 {[%emt 0:00:03]} 3. d4 {[%emt 0:00:01]} cxd4 {[%emt 0:00:00]} 4. Nxd4 {[%emt 0:00:00]} a6 {[%emt 0:00:01]} 5. Nc3 {[%emt 0:00:01]} Qc7 {[%emt 0:00:03]} 6. Be2 {[%emt 0:00:02]} Nf6 {[%emt 0:00:02]} 7. O-O {[%emt 0:00:02]} b5 {[%emt 0:00:02]} 8. g3 {[%emt 0:00:04]} Bb7 {[%emt 0:00:01]} 9. Bf3 {[%emt 0:00:04]} Be7 {[%emt 0:00:01]} 10. Bg2 {[%emt 0:00:01]} O-O {[%emt 0:00:04]} 11. Re1 {[%emt 0:00:01]} d6 {[%emt 0:00:01]} 12. e5 {[%emt 0:00:05]} dxe5 {[%emt 0:00:03]} 13. Bxb7 {[%emt 0:00:01]} Qxb7 {[%emt 0:00:00]} 14. Rxe5 {[%emt 0:00:01]} Nc6 {[%emt 0:00:01]} 15. Nxc6 {[%emt 0:00:01]} Qxc6 {[%emt 0:00:00]} 16. Bf4 {[%emt 0:00:01]} Rfd8 {[%emt 0:00:02]} 17. Qe2 {[%emt 0:00:01]} Bd6 {[%emt 0:00:03]} 18. Rg5 {[%emt 0:00:11]} Bxf4 {[%emt 0:00:03]} 19. gxf4 {[%emt 0:00:00]} h6 {[%emt 0:00:03]} 20. Rg3 {[%emt 0:00:02]} Rac8 {[%emt 0:00:07]} 21. a3 {[%emt 0:00:03]} Nd5 {[%emt 0:00:10]} 22. Nxd5 {[%emt 0:00:04]} Rxd5 {[%emt 0:00:00]} 23. c3 {[%emt 0:00:03]} Rcd8 {[%emt 0:00:04]} 24. Rf3 {[%emt 0:00:08] Matveysmirnov08 Ïðåäëàãàåò íèü} Rd2 {[%emt 0:00:10]} 25. Qe3 {[%emt 0:00:13]} Rxb2 {[%emt 0:00:07]} 26. Re1 {[%emt 0:00:01]} Rbd2 {[%emt 0:00:02]} 27. Qe4 {[%emt 0:00:16]} Qxe4 {[%emt 0:00:20]} 28. Rxe4 {[%emt 0:00:00]} Ra2 {[%emt 0:00:06]} 29. c4 {[%emt 0:00:02]} bxc4 {[%emt 0:00:11]} 30. Rxc4 {[%emt 0:00:00]} Rd1+ {[%emt 0:00:02]} 31. Kg2 {[%emt 0:00:01]} Rda1 {[%emt 0:00:01]} 32. Ra4 {[%emt 0:00:02]} g5 {[%emt 0:00:09]} 33. fxg5 {[%emt 0:00:02]} hxg5 {[%emt 0:00:00]} 34. Rxa6 {[%emt 0:00:02]} Rc2 {[%emt 0:00:07]} 35. Rg3 {[%emt 0:00:06]} Rc5 {[%emt 0:00:04]} 36. h4 {[%emt 0:00:01]} Kg7 {[%emt 0:00:08]} 37. hxg5 {[%emt 0:00:02]} Kg6 {[%emt 0:00:02]} 38. a4 {[%emt 0:00:04]} Rxg5 {[%emt 0:00:03]} 39. Rxg5+ {[%emt 0:00:06]} Kxg5 {[%emt 0:00:00]} 40. Ra7 {[%emt 0:00:00]} f5 {[%emt 0:00:02]} 41. a5 {[%emt 0:00:01]} e5 {[%emt 0:00:01]} 42. a6 {[%emt 0:00:01]} Kf4 {[%emt 0:00:01]} 43. Ra8 {[%emt 0:00:03]} e4 {[%emt 0:00:01]} 44. a7 {[%emt 0:00:01]} Ra2 {[%emt 0:00:01]} 45. Kg1 {[%emt 0:00:04]} Ra3 {[%emt 0:00:21]} 46. Kg2 {[%emt 0:00:03]} Ra2 {[%emt 0:00:01]} 47. Kf1 {[%emt 0:00:02]} Kf3 {[%emt 0:00:01]} 48. Kg1 {[%emt 0:00:12]} Ra1+ {[%emt 0:00:05]} 49. Kh2 {[%emt 0:00:01]} Kxf2 {[%emt 0:00:00]} 50. Rf8 {[%emt 0:00:02] Matveysmirnov08 Ïðåäëàãàåò íèü} Rxa7 {[%emt 0:00:04]} 51. Rxf5+ {[%emt 0:00:01]} Ke3 {[%emt 0:00:01]} 52. Kg3 {[%emt 0:00:00]} Rg7+ {[%emt 0:00:01]} 53. Kh2 {[%emt 0:00:00]} Ke2 {[%emt 0:00:01]} 54. Ra5 {[%emt 0:00:02]} e3 {[%emt 0:00:01]} 55. Ra2+ {[%emt 0:00:01]} Kf3 {[%emt 0:00:00]} 56. Ra3 {[%emt 0:00:01]} Kf2 {[%emt 0:00:01]} 57. Ra8 {[%emt 0:00:02]} Rh7# {[%emt 0:00:02] (Lag: Av=0.38s, max=1.0s)} 0-1